000 00565nam a2200193Ia 4500
008 131103s9999 xx 000 0 und d
040 _aLoreto College
041 _aEnglish
082 _aMIS/FLY
_bLCBED/11757
100 _aFlynn, Elizabeth W.
245 _aGroup discussion as learning process
_b a guide book
_cElizabeth W. Flynn & John, F. La Faso
260 _aNew York
_bPaulist
_c1972
300 _aviii,111p.
_b ill.
_c 24p.
504 _aIncludes bibliography
650 _aMis
700 _aF. La Faso, John
850 _aLCBED/MIS/FLY
942 _cBK
999 _c34502
_d84981